<?xml version="1.0" encoding="UTF-8"?>
<record
    xmlns:xsi="http://www.w3.org/2001/XMLSchema-instance"
    xsi:schemaLocation="http://www.loc.gov/MARC21/slim http://www.loc.gov/standards/marcxml/schema/MARC21slim.xsd"
    xmlns="http://www.loc.gov/MARC21/slim">

  <leader>00405nam a22001457a 4500</leader>
  <controlfield tag="005">20180108112431.0</controlfield>
  <controlfield tag="008">180108b        xxu||||| |||| 00| 0 eng d</controlfield>
  <datafield tag="040" ind1=" " ind2=" ">
    <subfield code="c">PK-LaUMT</subfield>
  </datafield>
  <datafield tag="082" ind1=" " ind2=" ">
    <subfield code="a">PKAC 297</subfield>
    <subfield code="b">SHA-K</subfield>
  </datafield>
  <datafield tag="100" ind1=" " ind2=" ">
    <subfield code="a">Shams Navid Usmani</subfield>
  </datafield>
  <datafield tag="245" ind1=" " ind2=" ">
    <subfield code="a">Kia hum musalman hein? </subfield>
    <subfield code="c">Shams Navid Usmani</subfield>
  </datafield>
  <datafield tag="260" ind1=" " ind2=" ">
    <subfield code="a">&#x644;&#x627;&#x6C1;&#x648;&#x631;&#x61B;</subfield>
    <subfield code="b">&#x627;&#x62F;&#x627;&#x631;&#x6C1; &#x645;&#x637;&#x628;&#x648;&#x639;&#x627;&#x62A; &#x637;&#x644;&#x628;&#x6C1;&#x60C;</subfield>
    <subfield code="c">[ ]</subfield>
  </datafield>
  <datafield tag="300" ind1=" " ind2=" ">
    <subfield code="a">184 &#x635;</subfield>
  </datafield>
  <datafield tag="942" ind1=" " ind2=" ">
    <subfield code="c">BK</subfield>
  </datafield>
  <datafield tag="999" ind1=" " ind2=" ">
    <subfield code="c">101419</subfield>
    <subfield code="d">101419</subfield>
  </datafield>
  <datafield tag="952" ind1=" " ind2=" ">
    <subfield code="0">0</subfield>
    <subfield code="1">0</subfield>
    <subfield code="4">0</subfield>
    <subfield code="7">0</subfield>
    <subfield code="a">01</subfield>
    <subfield code="b">01</subfield>
    <subfield code="d">2018-01-08</subfield>
    <subfield code="l">0</subfield>
    <subfield code="o">PKAC 297 SHA-K</subfield>
    <subfield code="p">117237</subfield>
    <subfield code="r">2018-01-08 00:00:00</subfield>
    <subfield code="w">2018-01-08</subfield>
    <subfield code="y">BK</subfield>
  </datafield>
</record>
